[Event "Pasching PlusCity op"]
[White "Plat, Vojtech"]
[Black "Reinwald, Patrick"]
[Site "Pasching"]
[Round "2"]
[Result "1-0"]
[Date "2022.06.17"]
[WhiteElo "2555"]
[BlackElo "2165"]
[PlyCount "51"]
[EventDate "2022.06.17"]
[EventType "swiss (rapid)"]
[EventRounds "9"]
[EventCountry "AUT"]
[SourceTitle "EXT 2023"]
[Source "ChessBase"]
[SourceDate "2022.10.05"]
[SourceVersion "1"]
[SourceVersionDate "2022.10.05"]
[SourceQuality "1"]

1. e4 e5 2. Nf3 Nc6 3. Bb5 a6 4. Ba4 Nf6 5. d4 exd4 6. 0-0 b5 7. Bb3 Be7 8. e5 Ne4 9. Bd5 Nc5 10. Nxd4 Bb7 11. Nf5 Bf8 12. Re1 Ne6 13. Nc3 Rb8 14. Ne4 Nxe5 15. Bxb7 Rxb7 16. Qd5 Nc6 17. Bg5 Qc8 18. Rad1 Rb6 19. Bf6 Ne7 20. Bxe7 Bxe7 21. Nc5 Bxc5 22. Qxc5 d6 23. Nxg7+ Kf8 24. Nxe6+ fxe6 25. Qg5 Rg8 26. Qf6+ 1-0

[Event "Steyr Landesliga 1819"]
[White "Reinwald, Patrick"]
[Black "Rohler, Siegfried"]
[Site "Austria"]
[Round "8.3"]
[Result "1-0"]
[Date "2019.02.09"]
[WhiteElo "2155"]
[BlackElo "2166"]
[PlyCount "57"]
[EventDate "2018.10.06"]
[EventType "team-tourn"]
[EventRounds "11"]
[EventCountry "AUT"]
[SourceTitle "CBM 189 Extra"]
[Source "ChessBase"]
[SourceDate "2019.05.31"]
[SourceVersion "1"]
[SourceVersionDate "2019.05.31"]
[SourceQuality "1"]
[WhiteTeam "Pinggau Friedberg"]
[BlackTeam "Graz Styria"]
[WhiteTeamCountry "AUT"]
[BlackTeamCountry "AUT"]

1. e4 c6 2. d4 d5 3. Nd2 dxe4 4. Nxe4 Bf5 5. Ng3 Bg6 6. h4 h6 7. Nf3 Nd7 8. h5 Bh7 9. Bd3 Bxd3 10. Qxd3 e6 11. Bd2 Ngf6 12. 0-0-0 Be7 13. Kb1 0-0 14. Ne4 Nxe4 15. Qxe4 Nf6 16. Qe2 Qd5 17. Be3 Ng4 18. Bc1 Qb5 19. c4 Qf5+ 20. Ka1 b5 21. Ne5 Nxe5 22. dxe5 f6 23. Rd7 Bc5 24. cxb5 cxb5 25. Qxb5 Qxf2 26. exf6 gxf6 27. Qb7 Qc2 28. Rg7+ Kh8 29. Rg6 1-0

[Event "Steyr Landesliga 1819"]
[White "Reinwald, Patrick"]
[Black "Benda, Herbert"]
[Site "Austria"]
[Round "6.3"]
[Result "1/2-1/2"]
[Date "2019.01.12"]
[WhiteElo "2155"]
[BlackElo "2284"]
[PlyCount "44"]
[EventDate "2018.10.06"]
[EventType "team-tourn"]
[EventRounds "11"]
[EventCountry "AUT"]
[SourceTitle "CBM 189 Extra"]
[Source "ChessBase"]
[SourceDate "2019.05.31"]
[SourceVersion "1"]
[SourceVersionDate "2019.05.31"]
[SourceQuality "1"]
[WhiteTeam "Pinggau Friedberg"]
[BlackTeam "Leibnitz"]
[WhiteTeamCountry "AUT"]
[BlackTeamCountry "AUT"]

1. e4 c5 2. d4 cxd4 3. c3 d3 4. Bxd3 Nc6 5. c4 Nf6 6. Nc3 g6 7. Nf3 d6 8. 0-0 Bg7 9. h3 0-0 10. Be3 Nd7 11. Rc1 Nde5 12. Nxe5 dxe5 13. c5 Be6 14. a3 Rc8 15. b4 a5 16. b5 Nd4 17. Ne2 Bb3 18. Qd2 a4 19. Nxd4 exd4 20. Bh6 e5 21. Bxg7 Kxg7 22. Qb4 Qe7 1/2-1/2

[Event "Steyr Landesliga 1617"]
[White "Reinwald, Patrick"]
[Black "Wieser, Andreas"]
[Site "Austria"]
[Round "11.6"]
[Result "1/2-1/2"]
[Date "2017.05.06"]
[WhiteElo "2137"]
[BlackElo "2102"]
[PlyCount "83"]
[EventDate "2016.10.01"]
[EventType "team-tourn"]
[EventRounds "11"]
[EventCountry "AUT"]
[SourceTitle "EXT 2018"]
[Source "ChessBase"]
[SourceDate "2017.10.13"]
[SourceVersion "1"]
[SourceVersionDate "2017.10.13"]
[SourceQuality "1"]
[WhiteTeam "Pinggau Friedberg"]
[BlackTeam "Styria"]
[WhiteTeamCountry "AUT"]
[BlackTeamCountry "AUT"]

1. e4 c6 2. d4 d5 3. Nd2 dxe4 4. Nxe4 Bf5 5. Ng3 Bg6 6. h4 h6 7. Nf3 Nf6 8. Ne5 Bh7 9. Bd3 Bxd3 10. Qxd3 e6 11. Bd2 Nbd7 12. f4 c5 13. 0-0-0 cxd4 14. Ng6 Rg8 15. Nxf8 Nxf8 16. Rhe1 Qd7 17. Qa3 Nd5 18. Nf5 0-0-0 19. Nxd4 Kb8 20. Kb1 Qd6 21. Qb3 Qb6 22. c4 Qxb3 23. Nxb3 Nb6 24. Ba5 Rxd1+ 25. Rxd1 Ng6 26. Bxb6 axb6 27. g3 Kc8 28. Kc2 Rd8 29. Nd4 Ne7 30. Rd3 h5 31. b4 g6 32. Kc3 Rd6 33. a4 Rd8 34. Rd2 Re8 35. Nb5 Nf5 36. Nd6+ Nxd6 37. Rxd6 Kc7 38. Rd4 Kc6 39. b5+ Kc7 40. Kb4 Ra8 41. c5 bxc5+ 42. Kxc5 1/2-1/2

[Event "Zuerich Chess Challenge op 6th"]
[White "Ballmann, Martin"]
[Black "Reinwald, Patrick"]
[Site "Zuerich"]
[Round "6"]
[Result "1-0"]
[Date "2017.04.16"]
[WhiteElo "2395"]
[BlackElo "2155"]
[PlyCount "71"]
[EventDate "2017.04.13"]
[EventType "swiss"]
[EventRounds "9"]
[EventCountry "SUI"]
[SourceTitle "CBM 177 Extra"]
[Source "ChessBase"]
[SourceDate "2017.04.27"]
[SourceVersion "1"]
[SourceVersionDate "2017.04.27"]
[SourceQuality "1"]

1. d4 Nf6 2. Nf3 e6 3. Bg5 h6 4. Bh4 c5 5. c3 b6 6. e3 Bb7 7. Nbd2 Be7 8. h3 Ne4 9. Nxe4 Bxe4 10. Bg3 0-0 11. Be2 d5 12. 0-0 Bd6 13. Bxd6 Qxd6 14. Nd2 Bh7 15. Bf3 cxd4 16. exd4 Nc6 17. Be2 Rfc8 18. a4 a6 19. Rc1 Na5 20. Re1 b5 21. axb5 axb5 22. b4 Nc4 23. Bxc4 bxc4 24. Ra1 f6 25. Qf3 Qc6 26. Qg3 Rxa1 27. Rxa1 Ra8 28. Rxa8+ Qxa8 29. Kh2 Qa2 30. b5 Qxd2 31. b6 e5 32. dxe5 f5 33. e6 f4 34. Qh4 g5 35. Qxh6 f3 36. e7 1-0

[Event "Zuerich Chess Challenge op 6th"]
[White "Reinwald, Patrick"]
[Black "Klundt, Klaus"]
[Site "Zuerich"]
[Round "5"]
[Result "1/2-1/2"]
[Date "2017.04.16"]
[WhiteElo "2155"]
[BlackElo "2314"]
[PlyCount "52"]
[EventDate "2017.04.13"]
[EventType "swiss"]
[EventRounds "9"]
[EventCountry "SUI"]
[SourceTitle "CBM 177 Extra"]
[Source "ChessBase"]
[SourceDate "2017.04.27"]
[SourceVersion "1"]
[SourceVersionDate "2017.04.27"]
[SourceQuality "1"]

1. d4 Nf6 2. c4 e6 3. Nc3 d5 4. cxd5 exd5 5. Bg5 c6 6. e3 Be7 7. Bd3 Nbd7 8. Nge2 Nh5 9. Bxe7 Qxe7 10. Qd2 Nb6 11. f3 0-0 12. 0-0 Re8 13. e4 dxe4 14. fxe4 Be6 15. b3 Rad8 16. Kh1 f6 17. Qe1 Rf8 18. Qh4 g6 19. Rf3 Nc8 20. g4 Ng7 21. d5 cxd5 22. exd5 Rxd5 23. Rh3 h5 24. Nxd5 Bxd5+ 25. Kg1 Qc5+ 26. Kf1 g5 1/2-1/2

[Event "Niederoesterreich Landesliga 1617"]
[White "Reinwald, Patrick"]
[Black "Groetz, Harald"]
[Site "Austria"]
[Round "8.1"]
[Result "0-1"]
[Date "2017.02.26"]
[WhiteElo "2140"]
[BlackElo "2272"]
[PlyCount "24"]
[EventDate "2016.10.02"]
[EventType "team-tourn"]
[EventRounds "11"]
[EventCountry "AUT"]
[SourceTitle "EXT 2018"]
[Source "ChessBase"]
[SourceDate "2017.10.13"]
[SourceVersion "1"]
[SourceVersionDate "2017.10.13"]
[SourceQuality "1"]
[WhiteTeam "Bisamberg/Korneuburg"]
[BlackTeam "Stockerau"]
[WhiteTeamCountry "AUT"]
[BlackTeamCountry "AUT"]

1. d4 Nf6 2. c4 g6 3. Nc3 Bg7 4. e4 d6 5. Nf3 0-0 6. Be2 e5 7. 0-0 Na6 8. Be3 Ng4 9. Bg5 f6 10. Bc1 Kh8 11. h3 Nh6 12. c5 exd4 0-1

[Event "Niederoesterreich Landesliga 1617"]
[White "Bauer, Thomas"]
[Black "Reinwald, Patrick"]
[Site "Austria"]
[Round "5.1"]
[Result "1/2-1/2"]
[Date "2017.01.22"]
[WhiteElo "2102"]
[BlackElo "2140"]
[PlyCount "71"]
[EventDate "2016.10.02"]
[EventType "team-tourn"]
[EventRounds "11"]
[EventCountry "AUT"]
[SourceTitle "EXT 2018"]
[Source "ChessBase"]
[SourceDate "2017.10.13"]
[SourceVersion "1"]
[SourceVersionDate "2017.10.13"]
[SourceQuality "1"]
[WhiteTeam "Litschau/Eisgarn"]
[BlackTeam "Bisamberg/Korneuburg"]
[WhiteTeamCountry "AUT"]
[BlackTeamCountry "AUT"]

1. e4 e5 2. Nf3 Nc6 3. Bc4 Nf6 4. d3 Bc5 5. a4 d6 6. c3 a6 7. Na3 Ba7 8. Qe2 h6 9. Nc2 0-0 10. 0-0 Re8 11. Ne3 Be6 12. Bxe6 Rxe6 13. Nf5 Ne7 14. N3h4 Nxf5 15. Nxf5 Qd7 16. Kh1 d5 17. Qf3 Kh7 18. Qg3 Ne8 19. Qh3 dxe4 20. dxe4 Rd8 21. Bg5 f6 22. Nxh6 gxh6 23. Bxh6 Rd6 24. Qh4 Kg8 25. f4 Rd1 26. Raxd1 Qxd1 27. Re1 Qd7 28. fxe5 fxe5 29. Bg5 Ra8 30. Be7 Bf2 31. Qg5+ Kf7 32. Rf1 Qxe7 33. Qh5+ Kg8 34. Rxf2 Rd8 35. h3 Ng7 36. Qg4 1/2-1/2

[Event "Steyr Landesliga 1617"]
[White "Riedner, Martin"]
[Black "Reinwald, Patrick"]
[Site "Austria"]
[Round "4.6"]
[Result "1/2-1/2"]
[Date "2016.11.05"]
[WhiteElo "2114"]
[BlackElo "2137"]
[PlyCount "50"]
[EventDate "2016.10.01"]
[EventType "team-tourn"]
[EventRounds "11"]
[EventCountry "AUT"]
[SourceTitle "EXT 2018"]
[Source "ChessBase"]
[SourceDate "2017.10.13"]
[SourceVersion "1"]
[SourceVersionDate "2017.10.13"]
[SourceQuality "1"]
[WhiteTeam "Gamlitz"]
[BlackTeam "Pinggau Friedberg"]
[WhiteTeamCountry "AUT"]
[BlackTeamCountry "AUT"]

1. d4 Nf6 2. Nf3 e6 3. c4 Bb4+ 4. Bd2 Qe7 5. g3 Nc6 6. Nc3 Bxc3 7. Bxc3 Ne4 8. Qc2 Nxc3 9. Qxc3 0-0 10. Bg2 d6 11. 0-0 e5 12. d5 Nd8 13. Rac1 f5 14. c5 Nf7 15. cxd6 cxd6 16. Qc7 Qf6 17. Nd2 b6 18. Nc4 Ba6 19. Qc6 Rfc8 20. Qa4 Bb7 21. Rfd1 g6 22. Qd7 Ba6 23. Qa4 Bb7 24. Qd7 Ba6 25. Qa4 Bb7 1/2-1/2

[Event "Agneaux St Lo op 17th"]
[White "Reinwald, Patrick"]
[Black "Harutyunyan, Ruben"]
[Site "Agneaux"]
[Round "9.7"]
[Result "1/2-1/2"]
[Date "2016.07.14"]
[WhiteElo "2140"]
[BlackElo "2032"]
[PlyCount "51"]
[EventDate "2016.07.07"]
[EventType "swiss"]
[EventRounds "9"]
[EventCountry "FRA"]
[SourceTitle "EXT 2020"]
[Source "ChessBase"]
[SourceDate "2019.10.17"]
[SourceVersion "1"]
[SourceVersionDate "2019.10.17"]
[SourceQuality "1"]

1. e4 c5 2. d4 cxd4 3. c3 Nf6 4. e5 Nd5 5. Nf3 Nc6 6. Bc4 Nb6 7. Bb3 d5 8. exd6 Qxd6 9. 0-0 Be6 10. Bxe6 Qxe6 11. Nxd4 Qd7 12. Nxc6 Qxc6 13. Nd2 e6 14. Qf3 Qxf3 15. Nxf3 Bd6 16. b3 0-0 17. c4 Rfd8 18. Be3 Be7 19. Rfd1 h6 20. Kf1 Kf8 21. Ke2 Ke8 22. Nd4 Bf6 23. Rac1 Be5 24. Nb5 Rxd1 25. Rxd1 Nc8 26. Bd4 1/2-1/2

[Event "Agneaux St Lo op 17th"]
[White "Kersten, Julian"]
[Black "Reinwald, Patrick"]
[Site "Agneaux"]
[Round "6.5"]
[Result "1/2-1/2"]
[Date "2016.07.11"]
[WhiteElo "1963"]
[BlackElo "2140"]
[PlyCount "43"]
[EventDate "2016.07.07"]
[EventType "swiss"]
[EventRounds "9"]
[EventCountry "FRA"]
[SourceTitle "EXT 2020"]
[Source "ChessBase"]
[SourceDate "2019.10.17"]
[SourceVersion "1"]
[SourceVersionDate "2019.10.17"]
[SourceQuality "1"]

1. e4 e5 2. Nc3 Nf6 3. Nf3 Nc6 4. d4 exd4 5. Nxd4 Bb4 6. Nxc6 bxc6 7. Bd3 d5 8. exd5 0-0 9. 0-0 cxd5 10. Bg5 Be6 11. Qf3 c6 12. a3 Be7 13. Rfe1 h6 14. Bxh6 gxh6 15. Rxe6 fxe6 16. Qg3+ Kh8 17. Qg6 Qe8 18. Qxh6+ Kg8 19. Qg5+ Kh8 20. Qh6+ Kg8 21. Qg5+ Kh8 22. Qh6+ 1/2-1/2

[Event "Niederoesterreich Landesliga 1516"]
[White "Knoll, Hermann"]
[Black "Reinwald, Patrick"]
[Site "Austria"]
[Round "11.1"]
[Result "1-0"]
[Date "2016.04.03"]
[WhiteElo "2309"]
[BlackElo "2231"]
[PlyCount "107"]
[EventDate "2015.09.27"]
[EventType "team-tourn"]
[EventRounds "11"]
[EventCountry "AUT"]
[SourceTitle "EXT 2017"]
[Source "ChessBase"]
[SourceDate "2016.10.25"]
[SourceVersion "1"]
[SourceVersionDate "2016.10.25"]
[SourceQuality "1"]
[WhiteTeam "Mostarrichi"]
[BlackTeam "Bisamberg/Korneuburg"]
[WhiteTeamCountry "AUT"]
[BlackTeamCountry "AUT"]

1. e4 e5 2. Nf3 Nc6 3. Bc4 Nf6 4. d3 Bc5 5. c3 a6 6. a4 d6 7. 0-0 0-0 8. Na3 h6 9. Re1 Re8 10. Nc2 Ba7 11. Be3 Bxe3 12. Nxe3 Be6 13. Qc2 Qd7 14. Bxe6 Qxe6 15. h3 Rad8 16. b4 Ne7 17. c4 c6 18. Rab1 Ng6 19. b5 axb5 20. cxb5 d5 21. bxc6 Qxc6 22. Rec1 dxe4 23. dxe4 Ra8 24. Qxc6 bxc6 25. Rb4 Ra6 26. g3 Rea8 27. Ra1 Nd7 28. Rc4 Ne7 29. Nf5 Kf8 30. Rd1 Nb6 31. Rc5 Nxf5 32. exf5 Nxa4 33. Rxe5 Ra5 34. Rd7 R5a7 35. Ree7 Rxd7 36. Rxd7 Re8 37. Rc7 c5 38. Nd2 Re7 39. Rc6 Re5 40. g4 h5 41. Nc4 Re1+ 42. Kg2 hxg4 43. hxg4 Re4 44. Ne3 Ke7 45. Rc7+ Kf6 46. Kf3 Rd4 47. g5+ Kxg5 48. Rxf7 g6 49. Rg7 Rd6 50. Ke4 Rb6 51. Ke5 Nb2 52. f4+ Kh6 53. Rc7 gxf5 54. Kxf5 1-0

[Event "Niederoesterreich Landesliga 1516"]
[White "Reinwald, Patrick"]
[Black "Grimm, Daniel"]
[Site "Austria"]
[Round "9.3"]
[Result "0-1"]
[Date "2016.02.28"]
[WhiteElo "2231"]
[BlackElo "2319"]
[PlyCount "40"]
[EventDate "2015.09.27"]
[EventType "team-tourn"]
[EventRounds "11"]
[EventCountry "AUT"]
[SourceTitle "EXT 2017"]
[Source "ChessBase"]
[SourceDate "2016.10.25"]
[SourceVersion "1"]
[SourceVersionDate "2016.10.25"]
[SourceQuality "1"]
[WhiteTeam "Bisamberg/Korneuburg"]
[BlackTeam "Bad Voeslau/Kottingbrunn"]
[WhiteTeamCountry "AUT"]
[BlackTeamCountry "AUT"]

1. e4 Nf6 2. e5 Nd5 3. d4 d6 4. c4 Nb6 5. exd6 cxd6 6. Nc3 g6 7. Be3 Bg7 8. Rc1 0-0 9. Be2 Bf5 10. b3 d5 11. Bf3 Nc6 12. c5 e5 13. cxb6 exd4 14. Nxd5 dxe3 15. Nxe3 Qxb6 16. Nxf5 Rad8 17. Qe2 gxf5 18. Bxc6 bxc6 19. Qc2 Rfe8+ 20. Ne2 Qb4+ 0-1

[Event "Nova Gorica op 21st"]
[White "Reinwald, Patrick"]
[Black "Riccobon, Elia"]
[Site "Nova Gorica"]
[Round "9"]
[Result "1-0"]
[Date "2016.02.04"]
[WhiteElo "2198"]
[BlackElo "1971"]
[PlyCount "45"]
[EventDate "2016.01.29"]
[EventType "swiss"]
[EventRounds "9"]
[EventCountry "SLO"]
[SourceTitle "CBM 170 Extra"]
[Source "ChessBase"]
[SourceDate "2016.02.25"]
[SourceVersion "1"]
[SourceVersionDate "2016.02.25"]
[SourceQuality "1"]

1. d4 f5 2. Bg5 Nf6 3. Bxf6 exf6 4. e3 Nc6 5. Bd3 d5 6. a3 Be6 7. Nc3 Qd7 8. Nge2 g5 9. Qd2 0-0-0 10. b4 Re8 11. 0-0 f4 12. exf4 gxf4 13. Qxf4 Bd6 14. Qh4 Rhg8 15. Ng3 f5 16. Nb5 Be7 17. Qxh7 Rh8 18. Qg6 a6 19. Rfe1 f4 20. Nf5 axb5 21. Qxe6 Qxe6 22. Rxe6 f3 23. g3 1-0

[Event "Nova Gorica op 21st"]
[White "Skuhala, Jernej"]
[Black "Reinwald, Patrick"]
[Site "Nova Gorica"]
[Round "8"]
[Result "1/2-1/2"]
[Date "2016.02.03"]
[WhiteElo "2086"]
[BlackElo "2198"]
[PlyCount "60"]
[EventDate "2016.01.29"]
[EventType "swiss"]
[EventRounds "9"]
[EventCountry "SLO"]
[SourceTitle "CBM 170 Extra"]
[Source "ChessBase"]
[SourceDate "2016.02.25"]
[SourceVersion "1"]
[SourceVersionDate "2016.02.25"]
[SourceQuality "1"]

1. c4 Nf6 2. Nc3 e6 3. e4 d5 4. exd5 exd5 5. d4 Bb4 6. Nf3 0-0 7. Be3 c6 8. Bd3 h6 9. 0-0 Be6 10. c5 b6 11. cxb6 axb6 12. Ne2 Qe7 13. Bc2 Nbd7 14. Ne5 Rfc8 15. Nf4 Bd6 16. Nxd7 Nxd7 17. Re1 Nf8 18. Qf3 Qf6 19. Qg3 Qg5 20. Qxg5 hxg5 21. Nxe6 Nxe6 22. Bf5 Re8 23. Rec1 c5 24. Bxe6 Rxe6 25. Kf1 c4 26. Bxg5 Re4 27. Be3 Bxh2 28. b3 Bf4 29. Bxf4 Rxf4 30. bxc4 Rxd4 1/2-1/2

[Event "Nova Gorica op 21st"]
[White "Bajt, Hana"]
[Black "Reinwald, Patrick"]
[Site "Nova Gorica"]
[Round "2"]
[Result "1-0"]
[Date "2016.01.30"]
[WhiteElo "1558"]
[BlackElo "2198"]
[PlyCount "109"]
[EventDate "2016.01.29"]
[EventType "swiss"]
[EventRounds "9"]
[EventCountry "SLO"]
[SourceTitle "CBM 170 Extra"]
[Source "ChessBase"]
[SourceDate "2016.02.25"]
[SourceVersion "1"]
[SourceVersionDate "2016.02.25"]
[SourceQuality "1"]

1. e4 e5 2. Nf3 Nc6 3. Bc4 Nf6 4. d3 Bc5 5. c3 a6 6. 0-0 d6 7. h3 h6 8. b4 Ba7 9. Re1 0-0 10. Be3 Ne7 11. Nbd2 Ng6 12. a4 Re8 13. Qb3 Qe7 14. Nf1 c6 15. Bxa7 Rxa7 16. b5 Nf4 17. b6 Ra8 18. Qc2 N6h5 19. Ng3 Qf6 20. Re3 g5 21. Nxh5 Nxh5 22. Nh2 Be6 23. Rf3 Qg6 24. Qb3 Nf4 25. Bxe6 Rxe6 26. g3 Nh5 27. Ng4 Ng7 28. Ne3 Rf6 29. Rxf6 Qxf6 30. Ng4 Qg6 31. Re1 Re8 32. Rf1 Kh7 33. Ne3 f5 34. Nc4 f4 35. Na5 Rb8 36. Qc4 Qe6 37. Kh2 Qd7 38. d4 Ne6 39. d5 Nc5 40. dxc6 bxc6 41. Rd1 Nb7 42. Nxb7 Rxb7 43. a5 fxg3+ 44. fxg3 Kg6 45. Rf1 d5 46. exd5 Qxd5 47. Qxa6 Qd2+ 48. Kg1 Qe3+ 49. Kg2 Qe4+ 50. Rf3 Rd7 51. Qf1 h5 52. Kg1 g4 53. hxg4 hxg4 54. Rf2 Qe3 55. Qe2 1-0

[Event "Steyr Landesliga 1516"]
[White "Reinwald, Patrick"]
[Black "Schneeberger, Bernhard"]
[Site "Austria"]
[Round "6.6"]
[Result "1-0"]
[Date "2016.01.23"]
[WhiteElo "2231"]
[BlackElo "1798"]
[PlyCount "31"]
[EventDate "2015.09.26"]
[EventType "team-tourn"]
[EventRounds "11"]
[EventCountry "AUT"]
[SourceTitle "CBM 170 Extra"]
[Source "ChessBase"]
[SourceDate "2016.02.25"]
[SourceVersion "1"]
[SourceVersionDate "2016.02.25"]
[SourceQuality "1"]
[WhiteTeam "Pinggau Friedberg"]
[BlackTeam "Trofaiach Niklasdorf"]
[WhiteTeamCountry "AUT"]
[BlackTeamCountry "AUT"]

1. e4 c6 2. d4 d5 3. Nc3 dxe4 4. Nxe4 Bf5 5. Ng3 Bg6 6. h4 h6 7. Nf3 e6 8. h5 Bh7 9. Bd3 Bxd3 10. Qxd3 Nf6 11. Bd2 c5 12. 0-0-0 Na6 13. Ne5 Nc7 14. Be3 Bd6 15. Nxf7 Kxf7 16. dxc5 1-0

[Event "Niederoesterreich Landesliga 1516"]
[White "Reinwald, Patrick"]
[Black "Juenger, Heinz"]
[Site "Austria"]
[Round "6.2"]
[Result "1/2-1/2"]
[Date "2016.01.17"]
[WhiteElo "2231"]
[BlackElo "2143"]
[PlyCount "137"]
[EventDate "2015.09.27"]
[EventType "team-tourn"]
[EventRounds "11"]
[EventCountry "AUT"]
[SourceTitle "CBM 170 Extra"]
[Source "ChessBase"]
[SourceDate "2016.02.25"]
[SourceVersion "1"]
[SourceVersionDate "2016.02.25"]
[SourceQuality "1"]
[WhiteTeam "Bisamberg/Korneuburg"]
[BlackTeam "Baden Invest II"]
[WhiteTeamCountry "AUT"]
[BlackTeamCountry "AUT"]

1. d4 Nf6 2. c4 g6 3. Nc3 d5 4. Nf3 Bg7 5. Qb3 dxc4 6. Qxc4 0-0 7. e4 Nc6 8. Be2 Bg4 9. d5 Na5 10. Qa4 Bxf3 11. Bxf3 c6 12. 0-0 b5 13. Qb4 a6 14. Rd1 Nd7 15. Be3 c5 16. Bxc5 Nxc5 17. Qxc5 Nc4 18. Qb4 Rc8 19. Rd3 Qd6 20. Qb3 Nxb2 21. Qxb2 b4 22. Rb1 bxc3 23. Qc2 Rb8 24. Rb3 a5 25. Bd1 a4 26. Rxb8 Rxb8 27. Qxa4 Qb4 28. Kf1 Qxa4 29. Bxa4 Rb2 30. d6 exd6 31. Rxd6 c2 32. Rd8+ Bf8 33. Bxc2 Rxc2 34. a4 Rc4 35. f3 Rxa4 36. Kf2 Kg7 37. Kg3 Bc5 38. Rd7 Rd4 39. Ra7 Bd6+ 40. Kh3 h5 41. Rd7 Be5 42. Re7 Kf6 43. Rb7 Ke6 44. Rb6+ Rd6 45. Rb7 Ra6 46. Rb3 Bd6 47. Rb5 Rc6 48. Ra5 f6 49. Ra8 Rc1 50. Ra7 f5 51. exf5+ Kxf5 52. Ra6 Be5 53. Ra4 Rc3 54. Ra5 Re3 55. Kh4 Re2 56. Kh3 g5 57. g4+ hxg4+ 58. fxg4+ Ke6 59. Ra6+ Bd6 60. Ra2 Re3+ 61. Kg2 Re4 62. Kh3 Bf4 63. Re2 Re3+ 64. Rxe3+ Bxe3 65. Kg2 Bd2 66. h4 gxh4 67. g5 Kf7 68. g6+ Kg7 69. Kh3 1/2-1/2

[Event "Steyr Landesliga 1516"]
[White "Toelly, Michael"]
[Black "Reinwald, Patrick"]
[Site "Austria"]
[Round "5.6"]
[Result "0-1"]
[Date "2015.11.28"]
[WhiteElo "1938"]
[BlackElo "2231"]
[PlyCount "90"]
[EventDate "2015.09.26"]
[EventType "team-tourn"]
[EventRounds "11"]
[EventCountry "AUT"]
[SourceTitle "CBM 170 Extra"]
[Source "ChessBase"]
[SourceDate "2016.02.25"]
[SourceVersion "1"]
[SourceVersionDate "2016.02.25"]
[SourceQuality "1"]
[WhiteTeam "Fuerstenfeld/Hartberg"]
[BlackTeam "Pinggau Friedberg"]
[WhiteTeamCountry "AUT"]
[BlackTeamCountry "AUT"]

1. e4 e5 2. Nf3 Nc6 3. Bb5 Bc5 4. c3 Nge7 5. 0-0 Bb6 6. d4 exd4 7. cxd4 d5 8. exd5 Nxd5 9. Re1+ Be6 10. Ng5 0-0 11. Bxc6 bxc6 12. Nxe6 fxe6 13. Nc3 Qf6 14. Be3 Nxe3 15. fxe3 Qf2+ 16. Kh1 Qxb2 17. Na4 Qa3 18. Qc2 Ba5 19. Re2 Qd6 20. Nc5 Rf7 21. Kg1 Bb6 22. Rc1 e5 23. Qc4 Re8 24. Rf2 Qd5 25. Rxf7 Kxf7 26. Kf1 exd4 27. exd4 Ke7 28. Qxd5 cxd5 29. Ke2 Bxc5 30. Rxc5 Kd6+ 31. Kd3 c6 32. Ra5 Re7 33. g4 Rb7 34. Ke3 Re7+ 35. Kd3 Rb7 36. Ke3 g5 37. h3 h6 38. Kd3 Rb2 39. Rxa7 Rh2 40. Rg7 Rxh3+ 41. Kc2 Rh2+ 42. Kb3 Rh3+ 43. Kc2 Ra3 44. Rg6+ Kc7 45. Rxh6 Rxa2+ 0-1

[Event "Heart of Finland op 25th"]
[White "Virtanen, Teemu"]
[Black "Reinwald, Patrick"]
[Site "Jyvaskyla"]
[Round "5"]
[Result "1/2-1/2"]
[Date "2015.07.16"]
[WhiteElo "2028"]
[BlackElo "2247"]
[PlyCount "38"]
[EventDate "2015.07.13"]
[EventType "swiss"]
[EventRounds "9"]
[EventCountry "FIN"]
[SourceTitle "CBM 167 Extra"]
[Source "ChessBase"]
[SourceDate "2015.09.14"]
[SourceVersion "1"]
[SourceVersionDate "2015.09.14"]
[SourceQuality "1"]

1. c4 Nf6 2. g3 e6 3. Bg2 d5 4. Nf3 Be7 5. 0-0 0-0 6. d4 Nbd7 7. Nc3 dxc4 8. e4 c6 9. a4 e5 10. dxe5 Ng4 11. Bf4 Qa5 12. Qd4 Rd8 13. Qxc4 Ndxe5 14. Nxe5 Nxe5 15. Qe2 Nd3 16. Rfd1 Nxf4 17. Rxd8+ Bxd8 18. gxf4 Bc7 19. e5 Bf5 1/2-1/2

[Event "Heart of Finland op 25th"]
[White "Reinwald, Patrick"]
[Black "Sorvari, Jarmo"]
[Site "Jyvaskyla"]
[Round "4"]
[Result "1-0"]
[Date "2015.07.15"]
[WhiteElo "2247"]
[BlackElo "2051"]
[PlyCount "47"]
[EventDate "2015.07.13"]
[EventType "swiss"]
[EventRounds "9"]
[EventCountry "FIN"]
[SourceTitle "CBM 167 Extra"]
[Source "ChessBase"]
[SourceDate "2015.09.14"]
[SourceVersion "1"]
[SourceVersionDate "2015.09.14"]
[SourceQuality "1"]

1. d4 Nf6 2. c4 e6 3. Nc3 Bb4 4. e3 0-0 5. Nge2 c6 6. a3 Ba5 7. b4 Bc7 8. e4 d5 9. Bg5 dxe4 10. Nxe4 Nbd7 11. N2c3 h6 12. Bh4 b6 13. Bd3 Bb7 14. Qf3 g5 15. Bg3 Kg7 16. Bxc7 Qxc7 17. c5 Ne8 18. h4 f5 19. hxg5 Rh8 20. gxh6+ Rxh6 21. Rxh6 Kxh6 22. Qe3+ Kg6 23. Ng5 Ng7 24. Nxe6 1-0

[Event "Heart of Finland op 25th"]
[White "Alho, Sauli"]
[Black "Reinwald, Patrick"]
[Site "Jyvaskyla"]
[Round "1"]
[Result "1/2-1/2"]
[Date "2015.07.13"]
[WhiteElo "2112"]
[BlackElo "2247"]
[PlyCount "40"]
[EventDate "2015.07.13"]
[EventType "swiss"]
[EventRounds "9"]
[EventCountry "FIN"]
[SourceTitle "CBM 167 Extra"]
[Source "ChessBase"]
[SourceDate "2015.09.14"]
[SourceVersion "1"]
[SourceVersionDate "2015.09.14"]
[SourceQuality "1"]

1. e4 e5 2. Nf3 Nc6 3. Bb5 a6 4. Ba4 Nf6 5. d3 b5 6. Bb3 Bc5 7. a4 Rb8 8. Nc3 h6 9. 0-0 d6 10. h3 0-0 11. Be3 Bxe3 12. fxe3 b4 13. Nd5 Nxd5 14. Bxd5 Ne7 15. Bb3 Ng6 16. Qe1 Qe7 17. Qg3 Be6 18. Bxe6 Qxe6 19. Nh4 Nxh4 20. Qxh4 d5 1/2-1/2